000 00364cam a2200145ua 4500
999 _c12889
_d12889
003 OSt
008 200604b ||||| |||| 00| 0 eng d
082 _a894.812809
_bCHU/BH
100 _aChummar, T M .
_94565
245 _aBhasha Gadya sahithya charithram /
250 _a1 /
260 _aTrivandrum :
_bChummar T M ,
_c1964.
300 _a ; .
942 _cBK